000 00515nam a22001817a 4500
999 _c41818
_d41818
003 OSt
005 20221115100614.0
008 221115b ||||| |||| 00| 0 eng d
020 _a9780070702073
040 _coclc
082 _a005.133
_bBAL/P
100 _93962
_aBalagurusamy, E
245 _aProgramming in C# A primer
_cE Balagurusamy
250 _a3rd ed.
260 _aNew Delhi:
_bTata Mc grawhill ,
_c2012.
300 _a508 p
942 _2ddc
_cBK
_h005.133
_iBAL/P
_k005.133
_mBAL/P